01413cam a2200241 a 4500001000500000005001700005020001800022040002300040050001500063082002100078100002200099245008500121250004500206260003400251300004800285505000800333520067900341521002001020521002001040650003301060650004001093700003801133166020250723154508.0 a9780439862165 aDLCcDLCdDLCbeng00aPS586.K52500a811.00809282222 aJaneczko, Paul B.02aA kick in the head /cedited by Paul B. Janeczko ; illustrated by Chris Raschka. aFirst Scholastic printing, February 2006 aNew York :bScholastic,c2005 a61 pages : bcolor illustrations ; c230 cm aP  aIn this splendid and playful volume, acclaimed poetry anthologist Paul B. Janeczko and Caldecott Honor illustrator Chris Raschka present lively examples of twenty-nine poetic forms, demonstrating not only the (sometimes bendable) rules of poetry, but also the spirit that brings these forms so wonderfully to life. Featuring formal poems, some familiar and some never before published, from the likes of Eleanor Farjeon (aubade), X.J. Kennedy (elegy), Ogden Nash (couplet), Liz Rosenberg (pantoum), and William Shakespeare, the sonnet king himself, A Kick in the Head perfectly illustrates Robert Frost's maxim that poetry without rules is like a tennis match without a net. a600 bLexile  aP bRaz-Plus  0aChildren's poetry, American. 0aLiterary formvJuvenile literature.1 aRaschka, Christophereillustrator